| 000 | 00606nam a2200205Ia 4500 | ||
|---|---|---|---|
| 003 | 0100 | ||
| 008 | 130303s9999 xx 000 0 und d | ||
| 020 | _a847689204 | ||
| 040 | _cARRUPELIB | ||
| 050 | _aE184.65.S47 2000 | ||
| 100 | _aSerequeberhan, Tsenay | ||
| 245 | _aOur heritage | ||
| 245 | _bthe past in the present of African-American and African existence | ||
| 260 | _aLanham | ||
| 260 | _bRowan and Littlefield | ||
| 260 | _C2000 | ||
| 650 | _bCatholic Church -- England -- History -- 19th century England -- Church history -- 19th century | ||
| 700 | _aTsenay Serequeberhan | ||
| 942 | 0 | 0 | _02 |
| 999 |
_c9631 _d9631 |
||